000 00241nam a2200097Ia 4500
008 240625s9999 xx 000 0 und d
041 _aeng
082 _a808.20 KAU
100 _aKAUR MANJYOT
245 _aANALYSING PPP MARKET IN EMERGING ECONOMI
999 _c37545
_d37545